000 00914cam a2200217 4500
001 ABS62564
008 000000n2000 000 0 eng u
035 _a(Sirsi) u107620
100 _aThompson, R.
245 _aConcrete rules that are written in stone
260 _c2000
490 _aConstruction News
_v(6675) 12-13(2)
520 _aDescribes the significance of the new "National Structural Concrete Specification", which for the first time sets down national standards for concrete design, construction and contracts. The range of concrete specification and contract forms currently used by construction clients, will be replace with one nationwide standard specification.
590 _aABS
650 _aNATIONAL STRUCTURAL CONCRETE SPECIFICATION
650 _aSPECIFICATIONS
650 _aCONCRETE FRAME
650 _aICE
690 _aBUILT ENVIRONMENT-BUILDING CONTRACT FORMS
942 _n0
999 _c64301
_d64301